00817cam a22002534a 450000100090000000300040000900500170001300800410003002000180007104000090008904200080009804300120010608200280011810000410014624500440018726000460023130000210027744000250029850000660032350400660038960000360045565000250049165100470051611825591OSt20200323145910.0991027r20001933nyu b 001 0 eng  a9789675062452 coclc apcc af-ua---00a297.09620904221bADA/I aAdams, Charles Cq(Charles Clarence)10aIslam and Modernism /cCharles C. Adams aKuala Lumpur:bIslamic Book Trust,c2010. a283 p. ;c23 cm. 0aOrientalism ;vv. 10 aOriginally published: London : Oxford University Press, 1933. aIncludes bibliographical references (p. [269]-274) and index.00aMuḥammad ʻAbduh,d1849-1905. 0aIslamy20th century. 0aEgyptxPolitics and governmenty1882-1952.